Les 20 plus grandes villes de l'Essonne sur une carte - Statistiques

Statistiques générales
  • Ce quiz a été pris 245 fois
  • Le résultat moyen est 13 sur 20
Réponses sur la Carte
Les réponses sont colorées sur une échelle allant du rouge au vert en fonction du pourcentage des utilisateurs qui les ont devinées à leur premier essai. Vous pouvez retrouver ces pourcentages ci-dessous.
 
Statistiques - réponses
Commune Population % Correct
Évry-Courcouronnes 66 700
98%
Massy 50 597
91%
Corbeil-Essonnes 53 712
88%
Étampes 26 601
85%
Palaiseau 35 714
84%
Grigny 26 500
70%
Brétigny-sur-Orge 26 658
66%
Savigny-sur-Orge 37 775
65%
Athis-Mons 36 451
64%
Yerres 28 349
60%
Sainte-Geneviève-des-Bois 36 067
59%
Ris-Orangis 30 283
58%
Viry-Châtillon 31 112
56%
Saint-Michel-sur-Orge 21 536
54%
Les Ulis 25 633
51%
Gif-sur-Yvette 22 578
50%
Draveil 29 824
49%
Brunoy 25 792
42%
Montgeron 23 890
42%
Vigneux-sur-Seine 31 233
39%
Aucun quiz correspondant
Distribution des résultats
% des personnes avec chaque résultat
Percentile par nombre de réponses
Votre historique - résultats
Vous n’avez pas pris ce quiz